header

The Clone Wars (Record no. 261547)

MARC details
000 -LEADER
fixed length control field 00241nam a22001097a 4500
020 ## - INTERNATIONAL STANDARD BOOK NUMBER
ISBN 978075640316
100 ## - MAIN ENTRY--AUTHOR NAME
Personal name Simon Beecroft
245 ## - TITLE STATEMENT
Title The Clone Wars
260 ## - PUBLICATION, DISTRIBUTION, ETC. (IMPRINT)
Place of publication New York
Name of publisher Dorling Kindersley
Year of publication 2008
300 ## - PHYSICAL DESCRIPTION
Number of Pages 32 pgs
942 ## - ADDED ENTRY ELEMENTS (KOHA)
Koha item type Long Loan Books
Holdings
Withdrawn status Lost status Collection code Home library Current library Shelving location Date acquired Accession Number Koha item type
    Fiction Rongo University Library Rongo University Library Children's Area 15/11/2023 CL20222753 Long Loan Books

© 2026 Rongo University
Contact us: librarian | system librarian | Rongo university